000 00657nam a22002177a 4500
003 UA-OsUOA
001 40794
007 ta
008 20080626b un ||||| |||| 00| 0 ukr d
090 _a7(477)
_bС42
942 _cBR
040 _aUA-OsUOA
_bukr
_cUA-OsUOA
_dUA-OsUOA
245 _aСкарби давнього українського мистецтва
_bРелігійне мистецтво ХVІ - ХVІІІ століть
300 _a44 с.
955 _a4
041 _aukr
080 _a7(477)
260 _aН.-Й.
_b"Український Музей"
_c1989
650 7 _a7 Мистецтво. Ігри. Спорт.
_2UDC
999 _c439297
_d439297